| 000 | 00498nam a22001817a 4500 | ||
|---|---|---|---|
| 005 | 20230110102944.0 | ||
| 008 | 221219b |||||||| |||| 00| 0 eng d | ||
| 020 | _a978-81204-0969-9 | ||
| 041 | _aeng | ||
| 082 | _a633.1 CHA-P | ||
| 100 |
_aCHAKRAVERTY,A. _97407 |
||
| 245 | _aPOST HARVEST TECHONOLOGY OF CEREALS , PULSES AND OILSEEDS | ||
| 250 | _a3rd ed. | ||
| 260 |
_aNEW DELHI _bCBS PUBLICATIONS & DISTRIBUTORS _c2023 |
||
| 300 | _a347;P. | ||
| 650 |
_aAGRICULTURE _92837 |
||
| 942 | _cBK | ||
| 999 |
_c8135 _d8133 |
||